| 000 | 00266 a2200109 4500 | ||
|---|---|---|---|
| 999 |
_c243431 _d243431 |
||
| 001 | 8358 | ||
| 003 | NUST | ||
| 005 | 20180118191151.0 | ||
| 008 | 180118b xxu||||| |||| 00| 0 eng d | ||
| 082 | _a808.5 PEN | ||
| 100 |
_aP.E.N _98985 |
||
| 245 |
_aMightir then the Sword (Transfered to SOA) _hEnglish |
||
| 260 |
_bMacmillan _a1964 |
||
| 942 |
_aNUST-CAE _cBK _cBK _k808.5 PEN _2ddc |
||